Statistiques concernant Quiz sur le Guyana

Cliquez ici pour prendre le quiz!

Statistiques générales

  • Ce quiz a été pris 1 630 fois
  • Le résultat moyen est 11 sur 16

Statistiques - réponses

QuestionRéponse% Correct
Pays frontaliersBrésil
99%
Pays frontaliersSuriname
97%
Pays frontaliersVenezuela
96%
Langue officielleAnglais
93%
Le Guyana est le sixième pays le moins
____ (la Mongolie est première)
Densément peuplé
81%
44% des Guyaniens descendent
de travailleurs de ce pays d'Asie
Inde
81%
Premier pays à avoir colonisé le GuyanaPays-Bas
81%
Langue la plus parlée{Créole} guyanien
80%
Devise monétaireDollar
79%
Principal produit d'exportation (un métal)Or
77%
Capitale et plus grande villeGeorgetown
74%
Sport le plus populaireCricket
62%
Signification de "Guyana" en arawakTerre d'{eaux}
abondantes
53%
Gourou américain qui a organisé au
Guyana le suicide collectif de 908
habitants (dont 300 enfants) en 1978
Jim Jones
22%
Plus long fleuve du pays, dont la source
ne fut découverte qu'en 2018
Essequibo
16%
Hauts-plateaux typiques du Guyana
ainsi que du reste de la région
T{epuy}
14%

Distribution des résultats

Percentile par nombre de réponses

% des personnes avec chaque résultat

Votre développement - résultats

Vous n’avez pas pris ce quiz